2nd International Symposium on High-Temperature Metallurgical Processing (Record no. 230849)
[ view plain ]
| 000 -LEADER | |
|---|---|
| fixed length control field | 02229nam a2200385Ia 4500 |
| 245 10 - TITLE STATEMENT | |
| Title | 2nd International Symposium on High-Temperature Metallurgical Processing |
| 260 ## - PUBLICATION, DISTRIBUTION, ETC. (IMPRINT) | |
| Place of publication | Warrendale, Pa. : |
| Name of publisher | Minerals, Metals and Materials Society ; |
| Place of publication | Hoboken, N.J. : |
| Name of publisher | Wiley, |
| Year of publication | c2011. |
| 300 ## - PHYSICAL DESCRIPTION | |
| Number of Pages | xvi, 417 p. : |
| Other physical details | ill., ports. |
| 500 ## - GENERAL NOTE | |
| General note | Symposium "held during the TMS 2011 Annual Meeting & Exhibition, San Diego, California, U.S.A., February 27-March 3, 2011." |
| 650 #0 - SUBJECT ADDED ENTRY--TOPICAL TERM | |
| Topical Term | Materials at high temperatures |
| Topical Term | High temperature superconductors. |
| Topical Term | Superconductors |
| 700 1# - ADDED ENTRY--PERSONAL NAME | |
| Personal name | Hwang, Jiann-Yang. |
| 856 40 - ELECTRONIC LOCATION AND ACCESS | |
| Uniform Resource Identifier | http://site.ebrary.com/lib/rucke/Doc?id=10464665 |
No items available.
